Online
Catalog

Vicente Riva Palacio y la identidad nacional : (Record no. 39796)

MARC details
000 -CABECERA
campo de control de longitud fija 00751nam a2200169 a 4500
001 - NÚMERO DE CONTROL
campo de control 000040306
005 - FECHA Y HORA DE LA ÚLTIMA TRANSACCIÓN
campo de control 20201002034039.0
008 - DATOS DE LONGITUD FIJA--INFORMACIÓN GENERAL
campo de control de longitud fija 130821s2010 mx 000 0 spa d
020 ## - NÚMERO INTERNACIONAL ESTÁNDAR DEL LIBRO
Número Internacional Estándar del Libro 9786070212369
040 ## - FUENTE DE LA CATALOGACIÓN
Centro catalogador/agencia de origen DO-SdBNP
Lengua de catalogación spa
Centro/agencia transcriptor BNPHU
100 1# - ENTRADA PRINCIPAL--NOMBRE DE PERSONA
Nombre de persona Díaz y de Ovando, Clementina
9 (RLIN) 66591
245 10 - MENCIÓN DE TÍTULO
Título Vicente Riva Palacio y la identidad nacional :
Resto del título discurso de ingreso a la Academia Mexicana de la Lengua, 13 de junio de 1985 /
Mención de responsabilidad, etc. Clementina Díaz y de Ovando ; respuesta de Miguel León Portilla.
260 ## - PUBLICACIÓN, DISTRIBUCIÓN, ETC.
Lugar de publicación, distribución, etc. México :
Nombre del editor, distribuidor, etc. Universidad Autónoma de México
-- Dirección General de Publicaciones y Fomento Editorial :,
Fecha de publicación, distribución, etc. 2010.
300 ## - DESCRIPCIÓN FÍSICA
Extensión 75 p. ;
Dimensiones 18 cm.
700 1# - PUNTO DE ACCESO ADICIONAL--NOMBRE DE PERSONA
Nombre de persona León Portilla, Miguel
9 (RLIN) 42636
710 2# - PUNTO DE ACCESO ADICIONAL--NOMBRE DE ENTIDAD CORPORATIVA
Nombre de entidad corporativa o nombre de jurisdicción como elemento de entrada Universidad Autónoma de México
9 (RLIN) 66592
Holdings
Estado de retiro Estado de pérdida Restricciones de uso No para préstamo Código de colección Localización permanente Ubicación/localización actual Ubicación en estantería Fecha de adquisición Número de inventario Total de préstamos Signatura topográfica completa Código de barras Fecha visto por última vez Precio válido a partir de Tipo de ítem Koha
        Monografías: Libros y Folletos General General Orden iniciada 21.08.2013 LF1   40306-10 25.06.2020 25.06.2020 No se presta
        Monografías: Libros y Folletos General General Orden iniciada 21.08.2013 LF1   40306-20 25.06.2020 25.06.2020 No se presta
        Monografías: Libros y Folletos General General Orden iniciada 21.08.2013 LF1   40306-30 25.06.2020 25.06.2020 No se presta

Powered by Koha